000 00541nam a22001817a 4500
003 OSt
005 20140311134814.0
008 130129t xxu||||| |||| 00| 0 eng d
020 _a9712327736
050 _aPL 5531
_b.B298 1999
082 _aFIL 899.211
_b.P53 1999
245 _aPhilippine literature
_ba tertiary textbook for literature 1 under the new curriculum
_cLinda R. Bascara
260 _aManila :
_bRex Book Store,
_c1999.
300 _a269 p. : ill. ;
_c23 cm.
942 _2lcc
_cBK
_kFIL
999 _c35872
_d35872